LEADER 00824nam0-2200277---450- 001 990008493340403321 005 20070327164244.0 035 $a000849334 035 $aFED01000849334 035 $a(Aleph)000849334FED01 035 $a000849334 100 $a20070327d2000----km-y0itay50------ba 101 0 $aita 102 $aIT 105 $aa-------001yy 200 1 $aCapri exclusive$ealla scoperta dell'isola più bella del mondo$ecosa vedere, escursioni, shopping, informazioni, ... mappe illustrate 210 $aCapri$cs.n.$enapoli$gZaccaria$dc2000 215 $a90 p.$cill.$d23 cm 610 0 $aCapri$aGuide 801 0$aIT$bUNINA$gRICA$2UNIMARC 901 $aBK 912 $a990008493340403321 952 $aA-It 0684$bB.F.L.F. 55624$fILFGE 959 $aILFGE 996 $aCapri exclusive$9731219 997 $aUNINA LEADER 01278nam--2200397---450- 001 990001199900203316 005 20051115170316.0 035 $a000119990 035 $aUSA01000119990 035 $a(ALEPH)000119990USA01 035 $a000119990 100 $a20031016d1980----km-y0itay0103----ba 101 0 $afre 102 $aFR 105 $a||||||||001yy 200 1 $aDes sacrements des Mystéres$eExplication du symbole$fpar Ambroise de Milan$gTexte ètabli , traduit et annoté par Dom Bernard Botte$gRéimpression de la 2. ed. 210 $aParis$cLes édition du Cerf$d1980 215 $a223 p.$d19 cm 225 2 $aSources Chrétiennes$v25 bis 410 0$12001 454 1$12001 461 1$1001-------$12001 676 $a265 700 1$aAMBROSIUS : Autpertus $0555992 702 1$aBOTTE,$bBernard 801 0$aIT$bsalbc$gISBD 912 $a990001199900203316 951 $aV.4. Coll.10/ 13 (VIII A coll. 26/25 bis)$b8605 L.M.$cVIII A$d00036245 959 $aBK 969 $aUMA 979 $aSIAV1$b10$c20031016$lUSA01$h1321 979 $aSIAV1$b10$c20040305$lUSA01$h1212 979 $aPATRY$b90$c20040406$lUSA01$h1726 979 $aCOPAT4$b90$c20051115$lUSA01$h1703 996 $aDes sacrements des Mystéres$9985281 997 $aUNISA LEADER 01058nam--2200337---450- 001 990005796840203316 005 20130117091655.0 010 $a978-88-495-2369-0 035 $a000579684 035 $aUSA01000579684 035 $a(ALEPH)000579684USA01 035 $a000579684 100 $a20130117d2012----km-y0itay50------ba 101 $aita 102 $aIT 105 $a||||||||001yy 200 1 $a<> diritto all'istruzione come diritto sociale$eoltre il paradigma economicistico$fGiuseppe Barone, Giuseppe Vecchio 210 $aNapoli$cEdizioni scientifiche italiane$d2012 215 $aVIII, 225 p.$d24 cm 606 0 $aDiritto allo studio$2BNCF 676 $a342.45085 700 1$aBARONE,$bGiuseppe$0290853 701 1$aVECCHIO,$bGiuseppe$0263044 801 0$aIT$bsalbc$gISBD 912 $a990005796840203316 951 $aXXIV.2.D. 229$b75279 G.$cXXIV.2.D.$d00318422 959 $aBK 969 $aGIU 979 $aCHIARA$b90$c20130117$lUSA01$h0916 996 $aDiritto all'istruzione come diritto sociale$91080896 997 $aUNISA